000 00896nam a22002177a 4500
003 OSt
005 20260316074114.0
008 260316b |||||||| |||| 00| 0 eng d
020 _a971-10-0440-2
040 _aDWCL GS lib
_cOC
082 _aM491b 1991
100 _aMEDINA, POL JR.
245 _aThe best of pugad baboy
_cPOL MEDINA JR.
260 _aQuezon City
_bNew Day Publishers,
_c1991
300 _a72 p
_c 19 cm
520 _a The book brings together satiric stories that focus on the daily lives, social issues, and political woes of the Philippines, featuring a community of largely obese characters in Metro Manila.
650 _athe series is renowned for its satirical take on Philippine society
650 _ait serves as a satirical mirror to Philippine society, offering several moral and social lessons through laughter.
700 _aPOL MEDINA JR
942 _2ddc
_cFIC.
_n0
999 _c9154
_d9154